=LDR 00000nam 2200000 4500 =001 INLIS000000000046823 =990 ##$$a 0001/BPAP-NTB/20142015 =005 20150518151027.0 =006 =007 =008 =035 ##$$0010-051500000000082 =082 ##$$af rom k =090 ##$$a f rom k dna d.3 =100 ##$$a tim ama =245 ##$$a ua rangkaian cerita anak =260 ##$$a aneka ilmu =300 ##$$a hln.40 =850 ##$$a NPBMAT =990 ##$$a 0001/BPAP-NTB/20142015